00593 2200217 4500001002100000005001500021035002000036007000300056008004100059082001800100084002200118245009900140250001100239260003100250300000800281600002200289990001600311990001600327990001600343990001600359INLIS00000000000197020260311040255 a0010-1223000330ta260311 g 0 ind  a338.959 8 (R) a338.959 8 (R) PER aPeraturan Menteri Dalam Negeri Nomor 26 Tahun 2006 tentang Pendoman Penyusunan APBD Tahun 2007 aCet. 1 aJakarta :bEko Jaya,c2006 a188 4aPeraturan Menteri a00000005945 a00000005947 a00000008379 a00000005941